Manufactura, Ingeniería y Tecnología

Bibliographic Details
Main Authors: Kalpakjiam, S, Schmid, S.R.
Format: Section = Libro
Language:Undetermined
Spanish
Published: México Pearson Prentice Hall 2008
Edition:5a.ed.
Subjects:
LEADER 00634nam a2200229Ia 4500
008 241007s9999||||xx |||||||||||||| ||und||
020 |a 978-970-26-1026-7 
040 |a BIBLIOTECA-RURC/ 670 K14 
041 |a spa 
082 |a 670 K14 
100 1 |a Kalpakjiam, S 
100 1 |b Schmid, S.R. 
245 1 0 |a Manufactura, Ingeniería y Tecnología 
250 |a 5a.ed. 
260 |a México  |b Pearson Prentice Hall  |c 2008 
300 |a 1267 p. :il. 
650 7 |a FUNDAMENTOS DE MATERIALES 
650 7 |b  PROCESO Y EQUIPO PARA LA FUNDICIÓN DE METALES 
650 7 |c  PROCESO DE MAQUINADOS 
942 |c BK  |2 ddc 
991 |a TEXTO 
999 |c 14574